000 002800000a22000970004500
100 1 _aGordon, Robert P.
245 1 0 _aTargumic 'dy (Zechariah 14:6) and the not so common "cold"
300 _aVol. 39, Num. 1 (Enero, 1989), Páginas 77-81
773 0 _tVetus Testamentum
942 _cANA
999 _c57470
_d57470